Jaka to linia? (Radom) - Statystyki

Ogólne statystyki
  • Ten quiz został rozwiązany 145 razy
  • Średni wynik to 9 z 10
Statystyki odpowiedzi
Opis linii Linia % Poprawnych
Jedyna linia, którą można dojechać do pętli Godów 6
100%
Linia łącząca Michałów z Idalinem 3
98%
Linia łącząca Potkanów z lotniskiem Warszawa-Radom 14
97%
Linia, którą można dojechać z Prędocinka do cmentarza na Firleju 4
97%
Linia, którą można przejechać z Kierzkowa na Wośniki 8
97%
Linia łącząca Gołębiów i Wośniki 16
94%
Jedyna linia mająca koniec i początek trasy pod dworcem kolejowym 27
92%
Linia całotygodniowa obsługiwana planowo autobusami 10-metrowymi 19
90%
Linia nocna łącząca Gołębiów z Południem N2
84%
Jedyna linia nocna, którą można dojechać na Zamłynie N3
80%
Nie znaleziono quizów pasujących do podanych kryteriów
Rozkład punktacji
Procent ludzi z każdym wynikiem
Percentyl według liczby udzielonych odpowiedzi
Twoja historia wyników
Nie rozwiązałeś tego quizu